| 000 | 00952nam a2200217 a 4500 | ||
|---|---|---|---|
| 001 | 000007063 | ||
| 005 | 20200929154046.0 | ||
| 008 | 090904s1924 dr r f000 0 spa d | ||
| 040 |
_aDO-SdBNP _bspa _cBNPHU |
||
| 082 |
_a346.729307 _bR426c, 1924 |
||
| 110 | 1 |
_aRepública Dominicana. _9447 |
|
| 240 | 1 | 0 | _aCódigo de Comercio (1884) |
| 245 | 1 | 0 |
_aCódigo de comercio de la República Dominicana : _barreglado por la comisión nombrada por el Poder Ejecutivo y conforme al decreto del Congreso Nacional de fecha 4 de julio de 1882, conservando el orden de los artículos del texto francés vigente en la República desde el año de 1845. |
| 250 | _aEdición oficial | ||
| 260 |
_aSanto Domingo : _fCasanova, _c1924. |
||
| 300 |
_a282 p. ; _c25 cm. |
||
| 500 | _aIncluye índice onomástico. | ||
| 650 | 4 |
_aDerecho comercial _zRepública Dominicana _914449 |
|
| 650 | 4 |
_aLeyes _zRepública Dominicana _93033 |
|
| 910 | _aValidado. Control de calidad. EMS | ||
| 999 |
_c6846 _d6846 |
||